|
|
|
|
| LEADER |
01612nam a2200409 i 4500 |
| 001 |
34619 |
| 003 |
BD-DhAAL |
| 005 |
20191203155113.0 |
| 008 |
191203t2015 bg a b 000 0 eng d |
| 999 |
|
|
|c 41978
|d 41978
|
| 010 |
|
|
|a 2015357044
|
| 020 |
|
|
|a 9789848715161
|
| 025 |
|
|
|a B-E-2015357044
|
| 035 |
|
|
|a (MFDhaka) 2015357044
|
| 037 |
|
|
|b Library of Congress -- New Delhi Overseas Office
|
| 040 |
|
|
|a DLC
|b eng
|c DLC
|e rda
|d DLC
|d BD-DhAAL
|
| 041 |
0 |
|
|a eng
|a ben
|
| 042 |
|
|
|a lcode
|
| 050 |
0 |
0 |
|a PK1713.5.E5
|b T73 2015
|
| 082 |
|
|
|a 891.44
|
| 245 |
0 |
0 |
|a Translation studies :
|b exploring identities /
|c edited by Fakrul Alam, Ahmed Ahsanuzzaman.
|
| 260 |
|
|
|a Dhaka :
|b Writers.ink,
|c 2015.
|
| 264 |
|
2 |
|a Dhaka :
|b Distributed by University Press Ltd.
|
| 300 |
|
|
|a vi, 288 pages :
|b illustrations ;
|c 22 cm
|
| 504 |
|
|
|a Includes bibliographical references.
|
| 541 |
|
|
|a Complimentary copy
|e 34619
|
| 546 |
|
|
|a English; includes articles in Bengali.
|
| 650 |
|
0 |
|a Bengali literature
|x Translating into English.
|9 37886
|
| 650 |
|
0 |
|a English literature
|x Translating into Bengali.
|9 37887
|
| 650 |
|
0 |
|a Indic literature
|x Translating into English.
|9 37888
|
| 650 |
|
0 |
|a Indic literature (English)
|z India
|z Bengal.
|9 37889
|
| 650 |
|
0 |
|a Translating and interpreting.
|9 37890
|
| 700 |
1 |
|
|a Alam, Fakrul
|9 37891
|
| 700 |
1 |
|
|a Ahsanuzzaman, Ahmed
|9 37892
|
| 852 |
|
|
|a Ayesha Abed Library
|c General Stacks
|
| 942 |
|
|
|2 ddc
|c BK
|
| 952 |
|
|
|0 0
|1 0
|2 ddc
|4 0
|6 891_440000000000000_TRA
|7 0
|9 67350
|a BRACUL
|b BRACUL
|c GEN
|d 2019-12-03
|e Complimentary copy
|l 1
|o 891.44 TRA
|p 3010034619
|r 2025-05-13
|s 2025-05-08
|t 1
|w 2019-12-03
|y BK
|